Introduction to sociology (Record no. 8182)

MARC details
000 -LEADER
fixed length control field 00482cam a2200205ua 4500
001 - CONTROL NUMBER
control field 9117
005 - DATE AND TIME OF LATEST TRANSACTION
control field 20260515114427.0
008 - FIXED-LENGTH DATA ELEMENTS--GENERAL INFORMATION
fixed length control field 150221n ii |||gr||||Z||||||asm
020 ## - INTERNATIONAL STANDARD BOOK NUMBER
International Standard Book Number 8176800023
040 ## - CATALOGING SOURCE
Transcribing agency MAIN
041 ## - LANGUAGE CODE
Language code of text/sound track or separate title asm
082 ## - DEWEY DECIMAL CLASSIFICATION NUMBER
Classification number 301
100 ## - MAIN ENTRY--PERSONAL NAME
Personal name Saikia, U.,
Relator term Author.
245 1# - TITLE STATEMENT
Title Introduction to sociology
Statement of responsibility, etc. By Utpal Saikia
250 ## - EDITION STATEMENT
Edition statement 1st.
260 ## - PUBLICATION, DISTRIBUTION, ETC.
Place of publication, distribution, etc. Dibrugarh:
Name of publisher, distributor, etc. Students,
Date of publication, distribution, etc. 2006.
300 ## - PHYSICAL DESCRIPTION
Extent 318p.
653 ## - INDEX TERM--UNCONTROLLED
Uncontrolled term Sociology & anthropology
942 ## - ADDED ENTRY ELEMENTS (KOHA)
Koha item type Books
Holdings
Withdrawn status Lost status Damaged status Not for loan Home library Current library Shelving location Date acquired Total checkouts Full call number Barcode Date last seen Date last checked out Copy number Price effective from Koha item type
        Naharkatiya College Library Naharkatiya College Library General stacks 09/19/2020 9 301 | SAI 18986 05/18/2024 05/02/2024 1 09/19/2020 Books